000 00642nam a22002057a 4500
003 OSt
008 260130b |||||||| |||| 00| 0 eng d
020 _a8185048304
082 _a635.9
_bC43O
100 _aChadha, K. L.
245 _aOrnamental Plants /
_cby K. L. Chadha and S. K. Bhattacharjee; Volume 12, Part- 2
260 _a.- New Delhi
_b: Malhotra Publishing House
_c, 2020
300 _axxiv,(536-1107)p.
440 _aAdvances in Horticulture
650 _aTechnology (Applied Sciences)
650 _aAgriculture and Related Technologies
650 _aOrnamental Plants
700 _aBhattacharjee, S. K.
942 _2ddc
_cBK
999 _c49928
_d49928